Segundo Adral / (Record no. 63865)

MARC details
000 -LEADER
campo de control de longitud fija 00593nam a2200205 i 4500
001 - NÚMERO DE CONTROL
campo de control 63865
003 - IDENTIFICADOR DE NÚMERO DE CONTROL
campo de control ES-MaACL
005 - FECHA Y HORA DE LA ÚLTIMA TRANSACCIÓN
campo de control 20250730063110.0
007 - CAMPO FIJO DE DESCRIPCIÓN FÍSICA--INFORMACIÓN GENERAL
campo de control de longitud fija t|
008 - DATOS DE LONGITUD FIJA--INFORMACIÓN GENERAL
campo de control de longitud fija 031217s1981 sp ||||1| gao d
080 ## - NÚMERO DE LA CLASIFICACIÓN DECIMAL UNIVERSAL
Número de la Clasificación Decimal Universal 821.134.4-92"19"
100 1# - ENTRADA PRINCIPAL--NOMBRE DE PERSONA
Nombre de persona Filgueira Valverde, José,
Fechas asociadas al nombre 1906-1996
9 (RLIN) 50833
245 10 - MENCIÓN DEL TÍTULO
Título Segundo Adral /
Mención de responsabilidad, etc. Xosé Filgueira Valverde.
260 ## - PUBLICACIÓN, DISTRIBUCIÓN, ETC.
Lugar de publicación, distribución, etc. [Sada (A Coruña) :
Nombre del editor, distribuidor, etc. Ediciones do Castro,
Fecha de publicación, distribución, etc. 1981]
300 ## - DESCRIPCIÓN FÍSICA
Extensión 458 p. :
Otras características físicas il. ;
Dimensiones 19 cm.
490 1# - MENCIÓN DE SERIE
Mención de serie Ensaio
830 0# - PUNTO DE ACCESO ADICIONAL DE SERIE-TÍTULO UNIFORME
Título uniforme Ensaio
9 (RLIN) 179268
852 ## - LOCALIZACIÓN
Ubicación ES-MaACL
Número de control de estantería L-2152
Sublocalización o colección R.102744
Holdings
Estatus retirado Estado de pérdida Estado de daño No para préstamo Biblioteca de origen Biblioteca actual Ubicación en estantería Fecha de adquisición Fuente de adquisición Total de préstamos Signatura topográfica completa Código de barras Visto por última vez Precio de reemplazo Tipo de ítem Koha
        Biblioteca del Ateneo de Madrid Biblioteca del Ateneo de Madrid Depósito 2 17/01/2008     L-2152 1066931 23/02/2023 23/02/2023 Libro impreso